000 01122cam a22002651 4500
001 gs 21000429
003 DLC
005 20260227111326.0
008 870213s1921 ag bf b f000 0 spa c
010 _ags 21000429
035 _a(OCoLC)15197128
040 _aU.S. Geol. survey. Library
_cTxDaM
_dDLC
042 _apremarc
050 0 0 _aQE231
_b.A28 no. 27
100 1 _aBonarelli, Guido,
_d1871-
245 1 0 _aObservaciones geologicas en las inmediaciones del Lago San Martin (territorio de Santa Cruz)
_cpor los doctores Guido Bonarelli y Juan José Nágera.
260 _aBuenos Aires,
_bTalleres Gráficos del Ministerio de Agricultura de la Nación,
_c1921.
300 _a39 p., 1 l.
_bVI pl. (incl. fold. map)
_c27 cm.
490 0 _a[Argentine Republic] Direccion General de Minas, Geología e Hidrología. Boletín
_vno. 27.
_aSer. B (Geología)
500 _aAt head of title: Ministerio de Agricultura. Dirección General de Minas, Geología e Hidrología.
504 _a"Bibliografía": p. 9-11.
650 0 _aGeology
_zArgentina.
650 0 _aPaleontology
_zArgentina.
700 1 _aNágera, Juan José.
999 _c26130
_d26130